Chemical principles : The quest for insight

Zapisane w:
Opis bibliograficzny
1. autor: Atskin, Peter
Format: Książka
Język:Undetermined
Wydane: New York, NY W. H. Freeman 2004
Hasła przedmiotowe:
Etykiety: Dodaj etykietę
Nie ma etykietki, Dołącz pierwszą etykiete!
Thư viện lưu trữ: Trung tâm Học liệu Trường Đại học Cần Thơ
LEADER 00528nam a2200205Ia 4500
001 CTU_104943
008 210402s9999 xx 000 0 und d
020 |c 77.48 
082 |a 540 
082 |b A873 
100 |a Atskin, Peter 
245 0 |a Chemical principles : 
245 4 |b The quest for insight 
245 0 |c Peter Atskin and Loretta Jones 
260 |a New York, NY 
260 |b W. H. Freeman 
260 |c 2004 
650 |a Chemistry 
904 |i Minh 
980 |a Trung tâm Học liệu Trường Đại học Cần Thơ